Energetické hospodářství ve vybraných odvětvích zemědělství

Guardado en:
Detalles Bibliográficos
Autor principal: Halátová, Jana
Formato: Libro
Lenguaje:checo
Publicado: Praha Ústředí vědeckých, technických a ekonomických informací 1982
Etiquetas: Agregar Etiqueta
Sin Etiquetas, Sea el primero en etiquetar este registro!

MARC

LEADER 00000nam a2200000 4500
001 c129155
005 20041019155245.5
041 0 |a cze 
044 |a CZ 
245 1 0 |a Energetické hospodářství ve vybraných odvětvích  |b zemědělství  |c Jana Halátová 
264 1 |a Praha  |b Ústředí vědeckých, technických a ekonomických informací  |c 1982 
300 |a 62 s. 
100 1 |a Halátová, Jana